000
00261nam a22001217a 4500
020
_a
0-440-31932-3
082
_a
503 MAN'D
100
_a
MANDEL, S
_9
75862
245
_a
DICTIONARY OF SCIENCES
260
_a
NEWYORK
_b
DELL
_c
1969
300
_a
407P
942
_c
BK
999
_c
581751
_d
581751